Podnikateľské modely v odvetví služieb

Podnikanie v službách. Výskum, ktorého cieľom je prehĺbiť a rozšíriť poznatky o podnikateľských modeloch v odvetví služieb. Opis a analýza skúmaných podnikateľských modelov. Štatistická analýza výskumnej vzorky. Diskusia.

Guardado en:
Detalles Bibliográficos
Autor principal: Slávik, Štefan, 1955-
Formato: Capítulo de libro
Lenguaje:eslovaco
Materias:
Etiquetas: Agregar Etiqueta
Sin Etiquetas, Sea el primero en etiquetar este registro!

MARC

LEADER 00000naa$a2200000$$$4500
001 0195311
005 20240502073255.7
041 0 |a slo 
044 |a SK 
245 1 0 |a Podnikateľské modely v odvetví služieb  |c Štefan Slávik 
520 |a Podnikanie v službách. Výskum, ktorého cieľom je prehĺbiť a rozšíriť poznatky o podnikateľských modeloch v odvetví služieb. Opis a analýza skúmaných podnikateľských modelov. Štatistická analýza výskumnej vzorky. Diskusia. 
610 2 0 |a podnikanie 
610 2 0 |a modely podnikateľské 
610 2 0 |a služby 
610 2 0 |a výskum 
610 2 0 |a agentúry 
610 2 0 |a poradenstvo finančné 
610 2 0 |a poradenstvo personálne 
610 2 0 |a právo 
610 2 0 |a marketing 
100 1 |a Slávik, Štefan, 1955-